Online
Catalog

Fotografía : (Record no. 33528)

MARC details
000 -CABECERA
campo de control de longitud fija 00440nam a2200157 a 4500
001 - NÚMERO DE CONTROL
campo de control 000034037
005 - FECHA Y HORA DE LA ÚLTIMA TRANSACCIÓN
campo de control 20200930070724.0
008 - DATOS DE LONGITUD FIJA--INFORMACIÓN GENERAL
campo de control de longitud fija 110921s1981 dr ac 000 0 spa d
040 ## - FUENTE DE LA CATALOGACIÓN
Centro catalogador/agencia de origen DO-SdBNP
Lengua de catalogación spa
Centro/agencia transcriptor BNPHU
082 ## - NÚMERO DE LA CLASIFICACIÓN DECIMAL DEWEY
Número de clasificación xxxx
Número de documento/Ítem G216f
049 ## - FONDOS LOCALES (OCLC)
Fondos de biblioteca BNPD
100 1# - ENTRADA PRINCIPAL--NOMBRE DE PERSONA
Nombre de persona García, Wifredo
9 (RLIN) 53864
245 10 - MENCIÓN DE TÍTULO
Título Fotografía :
Resto del título un arte para nuestro siglo.
260 ## - PUBLICACIÓN, DISTRIBUCIÓN, ETC.
Lugar de publicación, distribución, etc. Santo Domingo :
Nombre del editor, distribuidor, etc. Maperisa,
Fecha de publicación, distribución, etc. 1981.
300 ## - DESCRIPCIÓN FÍSICA
Extensión 356 p. :
Otras características físicas il. retr. ;
Dimensiones 20 cm.

No items available.

Powered by Koha